Lateralentry into the civil services (Record no. 525339)

000 -LEADER
fixed length control field 00780nam a22001457a 4500
008 - FIXED-LENGTH DATA ELEMENTS--GENERAL INFORMATION
fixed length control field 240223b ||||| |||| 00| 0 eng d
100 ## - MAIN ENTRY--PERSONAL NAME
Personal name Sahoo, Sahadeva
245 ## - TITLE STATEMENT
Title Lateralentry into the civil services
260 ## - PUBLICATION, DISTRIBUTION, ETC. (IMPRINT)
Place of publication, distribution, etc Journal of IIPA Regional Branch, Odisha
300 ## - PHYSICAL DESCRIPTION
Extent 29, 2022: p. 19-27
520 ## - SUMMARY, ETC.
Summary, etc A closed system degenerates, such degeneration is called entropy. In three laws of thermodynamics that sir, Isaac Newton postulated is the off quoted second law which says it simple terms as clergy is transferred or ran formed more and more of it is wasted and rate of such degeneration goes on increasing or at best remains the same over tie. – Reproduced
773 ## - HOST ITEM ENTRY
Main entry heading Journal of IIPA Regional Branch, Odisha
906 ## - LOCAL DATA ELEMENT F, LDF (RLIN)
Subject DIP CIVIL SERVICES
942 ## - ADDED ENTRY ELEMENTS (KOHA)
Item type Articles
Holdings
Withdrawn status Lost status Source of classification or shelving scheme Damaged status Not for loan Permanent location Current location Date acquired Serial Enumeration / chronology Barcode Date last seen Koha item type
          Indian Institute of Public Administration Indian Institute of Public Administration 2024-02-23 29, 2022: p. 19-27 AR131137 2024-02-23 Articles
          Indian Institute of Public Administration Indian Institute of Public Administration 2024-02-23 29, 2022: p. 19-27 AR131138 2024-02-23 Articles

Powered by Koha